| 000 | 01833nam a2200421 c 4500 | ||
|---|---|---|---|
| 003 | BLK | ||
| 005 | 20241017105411.0 | ||
| 008 | 180409b bul|||||r ||||||| ||bul|| | ||
| 010 | _aKNG00111186000 | ||
| 020 |
_a954-439-753-1 _bиздат.: Слово |
||
| 040 | _aBLK | ||
| 041 |
_aBUL _cBUL |
||
| 080 |
_aБългарска литература _b821.163.2 _x-1.09 _z821.163.2-1.09 |
||
| 080 |
_aБългарска литература _b821.163.2 _x(092) _z821.163.2(092) |
||
| 080 |
_aБългарски поет _b929 Дебелянов, Димчо Вельов _x _z929 Дебелянов, Димчо Вельов |
||
| 700 | 1 |
_aДимитров, Николай _eсъстав. _9364792 |
|
| 139 |
_aДебелянов _bД 31 |
||
| 245 | 1 | 0 |
_aДебелянов _bСъвр. интерпретации _cсъстав. Николай Димитров. |
| 257 | _aBGR | ||
| 260 |
_аВ. Търново _bСлово _c2003 _fВ. Търново : Абагар |
||
| 300 |
_a263 с. _c20 см |
||
| 380 | _a82 | ||
| 490 | 1 |
_aБибл. Разночетения _v2 |
|
| 500 | _aОфс. изд. - Съдържа и Литература за Димчо Дебелянов 1990-2002. -Библиогр. под линия. | ||
| 600 | 0 |
_aДебелянов, Димчо Вельов _9363389 |
|
| 650 | 4 |
_aПоети, български - творчество _9250545 |
|
| 650 | 4 |
_aДебелянов, Димчо Вельов - живот и дейност _9152919 |
|
| 653 | _aДимчо Дебелянов | ||
| 653 | _aбългарски поети | ||
| 653 | _aтворчество | ||
| 653 | _aинтерпретации | ||
| 852 | _aЦб 218169 | ||
| 856 | 4 |
_qpdf _u |
|
| 856 | 4 |
_qpdf _u |
|
| 942 |
_cKNG _n0 _01 |
||
| 944 |
_aCR _c19.02.2004 _k30550 _lКети Илиева |
||
| 944 |
_aED _c23.09.2004 _k |
||
| 999 |
_c105934 _d105934 |
||